<?xml version="1.0" encoding="UTF-8"?>
<record
    xmlns:xsi="http://www.w3.org/2001/XMLSchema-instance"
    xsi:schemaLocation="http://www.loc.gov/MARC21/slim http://www.loc.gov/standards/marcxml/schema/MARC21slim.xsd"
    xmlns="http://www.loc.gov/MARC21/slim">

  <leader>01941nam a2200229 a 4500</leader>
  <controlfield tag="003">OSt</controlfield>
  <controlfield tag="005">20240314191552.0</controlfield>
  <controlfield tag="008">190807s1990 dr             000   spa d</controlfield>
  <datafield tag="040" ind1=" " ind2=" ">
    <subfield code="a">DO-SdBNP</subfield>
    <subfield code="b">spa</subfield>
    <subfield code="c">BNPHU</subfield>
  </datafield>
  <datafield tag="082" ind1=" " ind2=" ">
    <subfield code="a">340.02 </subfield>
    <subfield code="b">R263d</subfield>
  </datafield>
  <datafield tag="100" ind1="1" ind2=" ">
    <subfield code="a">Milton Ray Guevara</subfield>
    <subfield code="d">1948-</subfield>
    <subfield code="9">78143</subfield>
  </datafield>
  <datafield tag="245" ind1=" " ind2="0">
    <subfield code="a">Doctrina juridica dominicana :</subfield>
    <subfield code="b"> un aporte personal /</subfield>
    <subfield code="c">Milton  Ray Guevara</subfield>
  </datafield>
  <datafield tag="260" ind1=" " ind2=" ">
    <subfield code="a">Santo Domingo :</subfield>
    <subfield code="b">Taller,</subfield>
    <subfield code="c">1990.</subfield>
  </datafield>
  <datafield tag="300" ind1=" " ind2=" ">
    <subfield code="a">235 p. ;</subfield>
    <subfield code="c">22 cm. </subfield>
  </datafield>
  <datafield tag="500" ind1=" " ind2=" ">
    <subfield code="a">Incluye referencias bibliogr&#xE1;ficas y notas al  pie  de las p&#xE1;ginas </subfield>
  </datafield>
  <datafield tag="505" ind1=" " ind2=" ">
    <subfield code="a">Dedicatoria -- Palabras liminares -- Principios generales de la conciliaci&#xF3;n y el arbitraje -- La fusi&#xF3;n de sociedades comerciales: algunos principios generales  -- El sida y el derecho  -- La igualdad de los esposos en el derecho moderno -- El di&#xE1;logo tripartito: su contenido jur&#xED;dico social  -- El banquero: el secreto y el secreto profesional de art&#xED;culo  del c&#xF3;digo penal  -- Soberan&#xED;a nacional y recursos naturales  -- &#xBF;Mar matrimonial o mar patrimonial?  -- La conferencia del mar  -- Anteproyecto de reforma constitucional para la administraci&#xF3;n p&#xFA;blica -- La regulaci&#xF3;n legislativa de los grupos financieros bancarios -- La declaraci&#xF3;n universal de los derechos del hombre: an&#xE1;lisis cr&#xED;tico  -- La interpelaci&#xF3;n es bicameral  -- El mecanismo de sustituci&#xF3;n vicepresidencial  -- Partidos pol&#xED;ticos: algunas consideraciones  -- Organizaciones pol&#xED;ticas: alianzas y democracia interna  -- El consejo econ&#xF3;mico y social -- Algunos elementos para una reforma constitucional en la Rep&#xFA;blica Dominicana  -- El Senado de la Rep&#xFA;blica, &#xBF;Cu&#xE1;l reforma?  -- Imbroglio constitucional  -- El decreto 200-90: tres vertientes  -- Ambiente conceptual para una legislaci&#xF3;n de grupos financieros bancarios </subfield>
  </datafield>
  <datafield tag="590" ind1=" " ind2=" ">
    <subfield code="a">Inventariado, 2020/VM</subfield>
  </datafield>
  <datafield tag="650" ind1=" " ind2="7">
    <subfield code="2">Lemb</subfield>
    <subfield code="a">Derecho</subfield>
    <subfield code="x"> </subfield>
    <subfield code="z">Rep&#xFA;blica Dominicana</subfield>
    <subfield code="9">76722</subfield>
  </datafield>
  <datafield tag="910" ind1=" " ind2=" ">
    <subfield code="a">En proceso </subfield>
  </datafield>
  <datafield tag="942" ind1=" " ind2=" ">
    <subfield code="2">ddc</subfield>
    <subfield code="c">LF1</subfield>
  </datafield>
  <datafield tag="952" ind1=" " ind2=" ">
    <subfield code="0">0</subfield>
    <subfield code="1">0</subfield>
    <subfield code="2">ddc</subfield>
    <subfield code="5">0</subfield>
    <subfield code="7">1</subfield>
    <subfield code="8">MO</subfield>
    <subfield code="a">BNPHU</subfield>
    <subfield code="b">PD</subfield>
    <subfield code="c">CT</subfield>
    <subfield code="d">2020-09-30</subfield>
    <subfield code="e">Reyes Duluc</subfield>
    <subfield code="l">0</subfield>
    <subfield code="o">340.02  R263d</subfield>
    <subfield code="p">2020-0070</subfield>
    <subfield code="r">2020-09-30</subfield>
    <subfield code="w">2020-09-30</subfield>
    <subfield code="y">LF1</subfield>
    <subfield code="z">Perteneci&#xF3; a la biblioteca personal de la familia Reyes Duluc</subfield>
  </datafield>
  <datafield tag="956" ind1=" " ind2=" ">
    <subfield code="a">VMateo</subfield>
  </datafield>
  <datafield tag="999" ind1=" " ind2=" ">
    <subfield code="c">48761</subfield>
    <subfield code="d">48761</subfield>
  </datafield>
</record>
